| 000 | 00341nam a2200121Ia 4500 | ||
|---|---|---|---|
| 008 | 220204s9999 xx 000 0 und d | ||
| 082 |
_a681.31WIN _bNOR |
||
| 100 | _aMcGregor Robert W, Peter | ||
| 245 | 0 | _aGuide to windows 95/NT 4 programming with MFC | |
| 260 |
_aNew Delhi _bPrentice-Hall of India _c1999 |
||
| 700 | _aNorton | ||
| 942 | _cBK | ||
| 999 |
_c41717 _d41717 |
||